| 000 | 01436nam a2200301 c 4500 | ||
|---|---|---|---|
| 003 | BLK | ||
| 005 | 20250207170942.0 | ||
| 008 | 180411b bul|||||r ||||||| ||bul|| | ||
| 010 | _aKNG00198577000 | ||
| 040 | _aBLK | ||
| 041 |
_aBUL _cBUL |
||
| 080 |
_aХидротерапия (водотерапия). Балнеолечение. Курортотерапия - Лечение с бани, горещи бани, сауна, хладни бани, речно къпане, влажни фрикции, компреси, с "жива вода"(алкално активирана, с ph 9, 6;курорт _b615.838 _x _z615.838 |
||
| 100 | 1 |
_aНинов, Въло Д. _eпърви автор _9344865 |
|
| 139 |
_aНинов, Въло Д. _bН 79 |
||
| 245 | 1 | 0 |
_aМинералните извори в София и Софийско _bНауч.-попул. очерк _cВъло Д. Нинов. |
| 257 | _aBGR | ||
| 260 |
_аСофия _bМедицина и физкултура _c1979 _fПловдив : Д. Благоев |
||
| 300 |
_a160 с. _bс ил., табл. _c17 см |
||
| 380 | _a61 | ||
| 490 | 1 | _aНаши курорти | |
| 650 | 4 |
_aМинерални води - България _9251488 |
|
| 852 | _aЦб І 17038 | ||
| 856 | 4 |
_qpdf _u |
|
| 856 | 4 |
_qpdf _u |
|
| 942 |
_cKNG _n0 _01 |
||
| 944 |
_aCR _c19.12.2016 _k30563 _lИвелин Русев |
||
| 944 |
_aED _c19.12.2016 _kСилвестър_Спасов |
||
| 999 |
_c189533 _d189533 |
||